000 00673nam a2200205Ia 4500
005 20240530110951.0
008 140319s2008 xx 000 0 ara d
020 _a9774220439
040 _aGCL /
_cGCL
082 0 4 _a657.91 /
_bث م
100 1 _aثناء على القبانى
245 1 0 _aمحاسبة شركات الاشخاص /
_cثناء على القبانى
260 _aالاسكندرية :
_bالدار الجامعية،
_c2008
300 _a432 ص؛
_c24 سم
650 0 4 _aالمحاسبة
650 0 4 _aالشركات - محاسبة
650 0 4 _aشركات الاشخاص
942 _2ddc
_cBK
999 _c67002
_d67002